00465pab a2200169 454500008004000000100001300040245011000053260000900163300001200172362001200184650001000196650001000206650002200216700001600238700001500254773002600269180718b2011 xxu||||| |||| 00| 0 eng d aDutta, A aAnalysis of problems related to forensic examination in offences against human body and need for auditing c2011 ap.4-37. aJul-Sep aAudit aCrime aForensic medicine aSarmal, P.C aArora, R.C aIndian Police Journal